000 00752nam a2200217 a 4500
001 BRCA_680
005 20190320203113.0
008 190508s1985----cu-a---###---#000-0#spa-#
041 _aspa
044 _aCU
050 4 _aN910.H33
_b.T78 1985
100 1 _aTrujillo Pardo, Carmen
_92237
245 1 0 _aMuseo de Arte Colonial
_cCarmen Trujillo Pardo, Miriam Méndez-Plascencia y Margarita Suárez García.
260 _aLa Habana
_bLetras Cubanas
_c1985
300 _a105 p.
_bil.
_c20 cm.
610 2 4 _aMuseo de Arte Colonial (La Habana)
_xColecciones de arte
_92238
650 1 4 _aMuseos de artes decorativas
_zLa Habana
_92239
700 1 _aMéndez-Plascencia, Miriam
_ecoaut.
_92240
700 1 _aSuárez García, Margarita
_ecoaut.
_92241
942 _2lcc
_cB
999 _c586
_d586